000 00395nam a2200133Ia 4500
008 151001s9999||||xx |||||||||||||| ||und||
100 _aआप्पासाहेब माळी
245 _aकोल्हापुरी रंग ढंग
250 _a1
260 _bआलोक प्रकाशन कोल्हापूर
260 _c2012
300 _a130
365 _b21
999 _c998954
_d998951